000 00517nam a2200193Ia 4500
005 20250508152449.0
008 008 250505s9999 xx 000 0 eng d
037 _aTextual
040 _aFEDL
_beng
_cFEDL
041 _aeng
_2eng
084 _a370.4, KRU
_qFEDL
100 _aKrupskaya N.K.
_9761541
245 0 _aOn education
260 _aMoscow
_bForeign Languages Publishing House
_c1957
300 _a253p.
650 _aEducation
942 _cTEXL
_h370.4, KRU
999 _c1336591
_d1336591